The Argument against a standing army rectified, and the reflections and remarks upon it in several pamphlets, consider'd : in a letter to a friend.

Bibliographic Details
Format: Microform Book
Language:English
Published: London : [publisher not identified], 1697.
Series:Early English books, 1641-1700 ; 972:12.
Subjects:

MARC

Tag First Indicator Second Indicator Subfields
LEADER 00000cam a2200000 a 4500
001 in00000962011
005 20150926142226.0
007 hd afv|||baca
008 851017s1697 miu a 00000 eng d
035 |a (OCoLC)12685776 
035 |9 AEU5445AM 
037 |a CL0037000032  |b UMI 
037 |b University Microfilms International, 300 N. Zeeb Rd., Ann Arbor, MI 48106 
040 |a EAA  |c EAA  |d m/c  |d UtOrBLW 
049 |a TXAI 
099 |a film   |a  B   |a  3609 
245 0 4 |a The Argument against a standing army rectified, and the reflections and remarks upon it in several pamphlets, consider'd :  |b in a letter to a friend. 
264 1 |a London :  |b [publisher not identified],  |c 1697. 
300 |a 2 unnumbered pages, 5-30, that is, 28 pages, pages 
336 |a text  |b txt  |2 rdacontent 
337 |a microform  |b h  |2 rdamedia 
338 |a microfilm reel  |b hd  |2 rdacarrier 
500 |a Reproduction of original in Cambridge University Library. 
510 4 |a Wing  |c A3632 
533 |a Microfilm.  |b Ann Arbor, Mich. :  |c University Microfilms International,  |d 1979.  |e 1 microfilm reel ; 35 mm.  |f (Early English books, 1641-1700 ; 972:12) 
500 |a Microform. 
610 1 0 |a England and Wales.  |b Army  |x Early works to 1800. 
830 0 |a Early English books, 1641-1700 ;  |v 972:12. 
999 |a MARS 
999 f f |s 3aa46d8c-5322-32c5-8c4b-13d22927a03c  |i cd2cc42a-c452-3138-a3c7-bd7f85d52a9e  |t 0 
952 f f |p default  |a Texas A&M University  |b College Station  |c Sterling C. Evans Library  |d Evans: Microforms (3rd floor)  |t 0  |e film B 3609 972:12  |h Other scheme  |i microform -- microfilm reel 
998 f f |a film B 3609 972:12  |t 0  |l Evans: Microforms (3rd floor)